Quel est la Couleur la plus présente sur ce Drapeau ? - Statistiques

Statistiques générales
  • Ce quiz a été pris 155 fois
  • Le résultat moyen est 11 sur 20
Statistiques - réponses
Question Réponse % Correct
Quel est la couleur la plus présente sur le drapeau du Japon ? Blanc
96%
Quel est la couleur la plus présente sur le drapeau de la Somalie ? Bleu
95%
Quel est la couleur la plus présente sur le drapeau du Maroc ? Rouge
95%
Quel est la couleur la plus présente sur le drapeau du Nigeria ? Vert
95%
Quel est la couleur la plus présente sur le drapeau de la Colombie ? Jaune
84%
Quel est la couleur la plus présente sur le drapeau de la Zambie ? Vert
78%
Quel est la couleur la plus présente sur le drapeau du Brunei ? Jaune
76%
Quel est la couleur la plus présente sur le drapeau de la Géorgie ? Blanc
68%
Quel est la couleur la plus présente sur le drapeau de la Grèce ? Bleu
65%
Quel est la couleur la plus présente sur le drapeau du Niger ? Orange
61%
Quel est la couleur la plus présente sur le drapeau de Singapour ? Blanc
56%
Quel est la couleur la plus présente sur le drapeau du Burkina Faso ? Vert
51%
Quel est la couleur la plus présente sur le drapeau du Bénin ? Vert
39%
Quel est la couleur la plus présente sur le drapeau du Malawi ? Rouge
28%
Quel est la couleur la plus présente sur le drapeau de la Grenade ? Rouge
27%
Quel est la couleur la plus présente sur le drapeau de l'Ouzbékistan ? Blanc
24%
Quel est la couleur la plus présente sur le drapeau de la République Centrafricaine ? Jaune
23%
Quel est la couleur la plus présente sur le drapeau du Sri Lanka ? Jaune
21%
Quel est la couleur la plus présente sur le drapeau de la Jamaïque ? Jaune
21%
Quel est la couleur la plus présente sur le drapeau des Îles Salomon ? Vert
19%
Aucun quiz correspondant
Distribution des résultats
% des personnes avec chaque résultat
Percentile par nombre de réponses
Votre historique - résultats
Vous n’avez pas pris ce quiz